000 00702nam a2200277Ia 4500
001 9289
005 20240113234158.0
007 ta
008 050725s1961 a g b000 u 465 u
040 _aCotton College,Assam
041 _a465
082 _a822.33
_bSh 15 H
100 _aShakespeare, .
245 0 _aHamlet /
_cShakespeare.
_hTextual Documents
250 _a1st ed /
260 _aCambridge :
_bCambridge University Press ,
_c1961.
300 _alviii, 262p. :
_bill. ;
_c18cm. .
504 _aIndex
653 _aEnglish-Drama-Shakespeare
653 _aT/G-English
942 _2ddc
_cBK
999 _c9276
_d9276